| 000 | nam a22 a 4500 | ||
|---|---|---|---|
| 999 |
_c390818 _d390818 |
||
| 003 | BLK | ||
| 005 | 20201029103056.0 | ||
| 008 | 180409b bul|||||r ||||||| ||bul|| | ||
| 010 | _aKNG00119462000 | ||
| 040 | _aBLK | ||
| 041 |
_aFRE _cFRE |
||
| 080 |
_aИстория на Франция _b94(44) _z94(44) |
||
| 100 |
_aLabusquiere, John _eпърви автор _9435742 |
||
| 139 | _aLabusquiere, John | ||
| 245 | 1 | 0 |
_aLes paysans et la revolution francaise _cJohn Labusquiere. |
| 257 | _aFRA | ||
| 260 |
_aParis _bDerveaux _c1888 _9435743 |
||
| 300 |
_a31 p. _c15 cm |
||
| 380 | _a9 | ||
| 490 |
_aКолекция Редки и ценни издания _9435080 |
||
| 500 | _aДатирано: St. Staneff, Neuchatel 27.VII.98 | ||
| 650 | 4 |
_aФранция - история _9269404 |
|
| 651 | 4 |
_aФранция _9179722 |
|
| 653 | _aистория | ||
| 653 | _aФранция | ||
| 653 | _aреволюции | ||
| 852 |
_aРф 888 _bРц |
||
| 856 | 4 | _qpdf | |
| 856 | 4 | _qpdf | |
| 942 |
_cKNG _n0 _s1 |
||
| 944 |
_aCR _c2020-10-29 _lф / _kТД |
||
| 944 |
_aED _c05.10.2010 _lф / |
||
| 999 | _d390818 | ||
| 999 | _d390818 | ||
| 999 | _d114041 | ||